LIBRARY & INFORMATION CENTRE, KCAET, TAVANUR

ONLINE PUBLIC ACCESS CATALOGUE (OPAC)

Development of microwave assisted fluidised bed dryer for nutmeg mace (Record no. 14876)

MARC details
000 -LEADER
fixed length control field 00680nam a22001817a 4500
003 - CONTROL NUMBER IDENTIFIER
control field OSt
088 ## - REPORT NUMBER
Report number T 398
100 ## - MAIN ENTRY--AUTHOR NAME
Personal name YARRAKULA SRINIVAS
245 ## - TITLE STATEMENT
Title Development of microwave assisted fluidised bed dryer for nutmeg mace
260 ## - PUBLICATION, DISTRIBUTION, ETC. (IMPRINT)
Place of publication Tavanur 2017
Name of publisher DEPARTMENT OF FOOD AND AGRICULTURAL PROCESS ENGINEERING
300 ## - PHYSICAL DESCRIPTION
Number of Pages 120
500 ## - GENERAL NOTE
General note Development of microwave assisted fluidised bed dryer for nutmeg mace
520 ## - SUMMARY, ETC.
Summary, etc Development of microwave assisted fluidised bed dryer for nutmeg mace
700 ## - ADDED ENTRY--PERSONAL NAME
Personal name Dr. Santhi Mary Mathew (Guide)
856 ## - ELECTRONIC LOCATION AND ACCESS
Uniform Resource Identifier https://drive.google.com/open?id=1VP7ni82Mlp7GpdpbU_UGz5P6cTNv2nlw
942 ## - ADDED ENTRY ELEMENTS (KOHA)
Koha item type Theses
Holdings
Collection code Home library Current library Shelving location Full call number Accession Number Koha item type Public note
Reference KAUAET KAUAET Reference 664 YAR/DE T 398 Theses M.Tech Thesis
free website counter